[Event "Titled Tuesday intern op 23rd Apr Late"]
[Site "Chess.com INT"]
[Date "2024.04.23"]
[Round "10"]
[White "Deviprasath, Sharvesh"]
[Black "Gavrilin, Roman"]
[Result "1-0"]
[WhiteElo "2381"]
[BlackElo "2185"]
[PlyCount "115"]
[EventDate "2024.04.23"]
[EventType "swiss (blitz)"]
[EventRounds "11"]
[EventCountry "USA"]
[SourceTitle "CB18_2024"]
[SourceDate "2024.05.01"]
[SourceVersion "1"]
[SourceVersionDate "2024.05.01"]
[SourceQuality "2"]

1. e4 e5 2. Nf3 Nc6 3. Bb5 a6 4. Ba4 Nf6 5. 0-0 Be7 6. Re1 b5 7. Bb3 d6 8. c3 0-0 9. h3 Nb8 10. d4 Nbd7 11. Nbd2 Bb7 12. Bc2 c5 13. d5 Re8 14. c4 Nb6 15. Bd3 bxc4 16. Nxc4 Nxc4 17. Bxc4 a5 18. Qa4 Ba6 19. Bxa6 Rxa6 20. Bd2 Qd7 21. Qc4 Qb7 22. b3 Rb8 23. Rab1 Nd7 24. Qc2 h6 25. Bc3 f5 26. exf5 Qxd5 27. Rbd1 Qf7 28. Qd3 Raa8 29. Nd2 Nf6 30. Nc4 Rd8 31. Nxa5 e4 32. Qe2 d5 33. Nc6 Re8 34. Nxe7+ Rxe7 35. Qb5 d4 36. Bd2 Rc8 37. Rc1 Rec7 38. Bf4 Rc6 39. Be5 Qd5 40. Bxf6 gxf6 41. a4 Qxf5 42. Qc4+ Kg7 43. a5 Qe6 44. Qc2 d3 45. Qd2 f5 46. Re3 Kh7 47. Rg3 Qe5 48. Rc4 f4 49. Rg4 Rg6 50. Rxf4 Rcg8 51. g3 Kh8 52. Rcxe4 Qa1+ 53. Kg2 Qa2 54. Qxa2 d2 55. Qxd2 h5 56. Qc3+ Kh7 57. Rf7+ Kh6 58. Qe3+ 1-0

[Event "Titled Tuesday intern op 23rd Apr Late"]
[Site "Chess.com INT"]
[Date "2024.04.23"]
[Round "3"]
[White "Gavrilin, Roman"]
[Black "Jegorovas, Aleksandras"]
[Result "0-1"]
[WhiteElo "2185"]
[BlackElo "2270"]
[PlyCount "110"]
[EventDate "2024.04.23"]
[EventType "swiss (blitz)"]
[EventRounds "11"]
[EventCountry "USA"]
[SourceTitle "CB18_2024"]
[SourceDate "2024.05.01"]
[SourceVersion "1"]
[SourceVersionDate "2024.05.01"]
[SourceQuality "2"]

1. e4 e6 2. d4 d5 3. Nc3 Bb4 4. e5 c5 5. a3 Bxc3+ 6. bxc3 Qa5 7. Bd2 Qa4 8. Nf3 b6 9. Bd3 Ba6 10. 0-0 Ne7 11. Ra2 Nbc6 12. Bxa6 Qxa6 13. Bg5 0-0 14. h4 h6 15. Bf4 Rac8 16. Qc1 Kh7 17. Be3 Qc4 18. Qa1 Nf5 19. h5 cxd4 20. cxd4 f6 21. exf6 Rxf6 22. c3 Nxe3 23. fxe3 Rcf8 24. Qb1+ Kg8 25. e4 dxe4 26. Qxe4 Qxa2 27. Qxc6 Qxa3 28. Re1 Qa2 29. Re4 Qd5 30. Ne5 Qxc6 31. Nxc6 a5 32. c4 a4 33. Re3 Ra8 34. Ra3 Kh7 35. g3 Rf5 36. Ne5 Rxh5 37. Kg2 Rxe5 38. dxe5 g5 39. Kf3 Kg6 40. Ke4 h5 41. Kd4 h4 42. gxh4 gxh4 43. Kc3 h3 44. Kb4 h2 45. Ra1 a3 46. Kb3 a2 47. Kb2 h1Q 48. Rxh1 a1Q+ 49. Rxa1 Rxa1 50. Kxa1 Kf5 51. Kb2 Kxe5 52. Kb3 Kd4 53. Kb4 e5 54. Kb5 e4 55. Kxb6 Kxc4 0-1

[Event "Titled Tuesday intern op 23rd Apr Late"]
[Site "Chess.com INT"]
[Date "2024.04.23"]
[Round "11"]
[White "Gavrilin, Roman"]
[Black "Kostiukov, Alexandr"]
[Result "0-1"]
[WhiteElo "2185"]
[BlackElo "2271"]
[PlyCount "88"]
[EventDate "2024.04.23"]
[EventType "swiss (blitz)"]
[EventRounds "11"]
[EventCountry "USA"]
[SourceTitle "CB18_2024"]
[SourceDate "2024.05.01"]
[SourceVersion "1"]
[SourceVersionDate "2024.05.01"]
[SourceQuality "2"]

1. f4 c5 2. Nf3 g6 3. g3 Bg7 4. Bg2 Nf6 5. d3 d5 6. 0-0 0-0 7. Qe1 d4 8. Na3 Nc6 9. e4 dxe3 10. Bxe3 Ng4 11. Bc1 Nd4 12. Nxd4 cxd4 13. Nc4 Rb8 14. a4 b6 15. h3 Nf6 16. Ne5 Bb7 17. Bd2 Bxg2 18. Kxg2 Qc7 19. Rc1 Nd7 20. Nc4 Qc6+ 21. Qe4 Qxe4+ 22. dxe4 Nc5 23. Kf3 Nxa4 24. e5 b5 25. Na5 Nxb2 26. Nc6 Rb7 27. Bb4 Re8 28. Nxd4 Nc4 29. Ra1 f6 30. Nc6 fxe5 31. Rxa7 Rxa7 32. Nxa7 Ra8 33. Nc6 exf4 34. Nxe7+ Kf7 35. Nd5 fxg3 36. Kxg3+ Kg8 37. Ne7+ Kh8 38. Rf7 Ne5 39. Rf1 Re8 40. Nd5 Nc4 41. Rf3 h6 42. Nc7 Re2 43. Nxb5 Rxc2 44. Rd3 Rb2 0-1

[Event "Titled Tuesday intern op 16th Apr Late"]
[Site "Chess.com INT"]
[Date "2024.04.16"]
[Round "10"]
[White "Mizzi, Jack"]
[Black "Gavrilin, Roman"]
[Result "1-0"]
[WhiteElo "2051"]
[BlackElo "2185"]
[PlyCount "89"]
[EventDate "2024.04.16"]
[EventType "swiss (blitz)"]
[EventRounds "11"]
[EventCountry "USA"]
[SourceTitle "CB17_2024"]
[SourceDate "2024.04.24"]
[SourceVersion "1"]
[SourceVersionDate "2024.04.24"]
[SourceQuality "1"]

1. d4 Nf6 2. c4 e6 3. g3 d5 4. Bg2 Be7 5. Nf3 0-0 6. 0-0 Nbd7 7. Nbd2 c6 8. Qc2 b6 9. e4 dxc4 10. Nxc4 Bb7 11. Rd1 c5 12. Nfe5 cxd4 13. Rxd4 Qc7 14. Bf4 Nxe5 15. Bxe5 Qc6 16. Bd6 Rfd8 17. Rad1 Bxd6 18. Rxd6 Rxd6 19. Rxd6 Qc5 20. Qd3 Ba6 21. Rd8+ Rxd8 22. Qxd8+ Qf8 23. Qc7 Qc8 24. Qxc8+ Bxc8 25. Nd6 Ba6 26. e5 Nd7 27. f4 Kf8 28. Kf2 Ke7 29. Ke3 f6 30. Kd4 Nc5 31. Bc6 Nd3 32. Bb5 Bxb5 33. Nxb5 Nxb2 34. Nxa7 Kd7 35. Nb5 Na4 36. Nd6 Nc5 37. Kc4 fxe5 38. fxe5 Kc6 39. Ne8 g6 40. Nf6 h6 41. Ng8 Nd7 42. Ne7+ Kc7 43. Nxg6 Kc6 44. a4 Nc5 45. Nf4 1-0

[Event "Titled Tuesday intern op 16th Apr Late"]
[Site "Chess.com INT"]
[Date "2024.04.16"]
[Round "1"]
[White "Smieszek, Wojciech"]
[Black "Gavrilin, Roman"]
[Result "0-1"]
[WhiteElo "2127"]
[BlackElo "2185"]
[PlyCount "92"]
[EventDate "2024.04.16"]
[EventType "swiss (blitz)"]
[EventRounds "11"]
[EventCountry "USA"]
[SourceTitle "CB17_2024"]
[SourceDate "2024.04.24"]
[SourceVersion "1"]
[SourceVersionDate "2024.04.24"]
[SourceQuality "1"]

1. e4 c5 2. Nf3 d6 3. d4 cxd4 4. Nxd4 Nf6 5. Nc3 a6 6. Be3 e5 7. Nb3 Be6 8. Qd2 Nbd7 9. 0-0-0 Rc8 10. f4 Qc7 11. f5 Bc4 12. g4 b5 13. g5 b4 14. gxf6 bxc3 15. Qxc3 Nxf6 16. Bd3 d5 17. exd5 Bxd5 18. Bxa6 Qxc3 19. bxc3 Rxc3 20. Rxd5 Nxd5 21. Bb5+ Ke7 22. Bd2 Rc8 23. c4 Kf6 24. Kb2 Nf4 25. a4 Nd3+ 26. Kc2 Nc5 27. Bb4 Nxb3 28. Kxb3 Bxb4 29. Kxb4 e4 30. a5 Kxf5 31. a6 Ke5 32. c5 e3 33. a7 f5 34. Ra1 f4 35. Ba6 Ra8 36. Bb7 g5 37. Bxa8 Rxa8 38. c6 f3 39. Kb5 e2 40. Kb6 f2 41. Kb7 Rf8 42. c7 e1Q 43. Rxe1+ fxe1Q 44. c8Q Qb4+ 45. Ka6 Qa4+ 46. Kb6 Rxc8 0-1

[Event "Toronto Candidates Blitz op"]
[Site "Toronto"]
[Date "2024.04.08"]
[Round "7"]
[White "Gavrilin, Roman"]
[Black "Sai, Krishna GV"]
[Result "1/2-1/2"]
[WhiteElo "2185"]
[BlackElo "2404"]
[PlyCount "114"]
[EventDate "2024.04.08"]
[EventType "swiss (blitz)"]
[EventRounds "9"]
[EventCountry "CAN"]
[SourceTitle "CB16_2024"]
[SourceDate "2024.04.17"]
[SourceVersion "1"]
[SourceVersionDate "2024.04.17"]
[SourceQuality "1"]

1. e4 e5 2. d4 exd4 3. Qxd4 Nc6 4. Qe3 g6 5. Nc3 Bg7 6. Bd2 Nf6 7. 0-0-0 0-0 8. Bc4 Na5 9. Bb3 Re8 10. f3 Nxb3+ 11. axb3 d5 12. Nge2 c6 13. Kb1 a5 14. Qf2 dxe4 15. Bg5 Qc7 16. Bxf6 Bxf6 17. Nxe4 Bg7 18. Nd6 Re5 19. Nc4 Re7 20. Nb6 Rxe2 21. Qxe2 Qxb6 22. Qe8+ Bf8 23. Rd8 Qc5 24. Rxc8 Rxc8 25. Qxc8 Kg7 26. Rd1 Bd6 27. Qxb7 Be5 28. Qd7 Bf6 29. Qd3 Qe5 30. c3 Qxh2 31. Qe2 h5 32. Ka2 h4 33. Rd7 Qf4 34. Qc4 Be5 35. Qxf4 Bxf4 36. Rd4 g5 37. Rc4 f5 38. Rxc6 Bg3 39. b4 axb4 40. cxb4 Kf7 41. b5 g4 42. fxg4 fxg4 43. b6 h3 44. gxh3 gxh3 45. Rh6 h2 46. Rh3 Bb8 47. Kb3 Kg6 48. Kc4 Kf5 49. Kd5 Kg4 50. Rh7 Bg3 51. Rxh2 Bxh2 52. Ke6 Kf4 53. b4 Ke4 54. b5 Kd4 55. Kd7 Kc5 56. b7 Kxb5 57. b8Q+ Bxb8 1/2-1/2

[Event "Titled Tuesday intern op 02nd Apr Late"]
[Site "Chess.com INT"]
[Date "2024.04.02"]
[Round "6"]
[White "Gavrilin, Roman"]
[Black "Kamsky, Gata"]
[Result "0-1"]
[WhiteElo "2185"]
[BlackElo "2610"]
[PlyCount "72"]
[EventDate "2024.04.02"]
[EventType "swiss (blitz)"]
[EventRounds "11"]
[EventCountry "USA"]
[SourceTitle "CB15_2024"]
[SourceDate "2024.04.10"]
[SourceVersion "1"]
[SourceVersionDate "2024.04.10"]
[SourceQuality "1"]

1. e4 e5 2. Nf3 Nc6 3. Bb5 a6 4. Ba4 d6 5. h3 Bd7 6. c3 Nf6 7. Bc2 g6 8. d4 Bg7 9. 0-0 0-0 10. Bg5 h6 11. Bh4 Qe8 12. Re1 Nh5 13. Na3 f5 14. exf5 gxf5 15. dxe5 dxe5 16. Bb3+ Kh8 17. Nc4 e4 18. Nd4 Qg6 19. Kh1 Rae8 20. Ne3 Ne5 21. Nd5 c5 22. Ne2 c4 23. Nef4 Nxf4 24. Nxf4 Qf7 25. Bc2 Nd3 26. Bxd3 cxd3 27. Qd2 Bc6 28. Re3 Kh7 29. Rae1 Qxa2 30. Bg3 Qf7 31. h4 Rg8 32. Kh2 Bf6 33. f3 Rxg3 34. Kxg3 Be5 35. fxe4 Qg7+ 36. Kh3 Qg4+ 0-1

[Event "Titled Tuesday intern op 02nd Apr Late"]
[Site "Chess.com INT"]
[Date "2024.04.02"]
[Round "3"]
[White "Gavrilin, Roman"]
[Black "Shevchuk, Olexandr"]
[Result "1-0"]
[WhiteElo "2185"]
[BlackElo "2093"]
[PlyCount "69"]
[EventDate "2024.04.02"]
[EventType "swiss (blitz)"]
[EventRounds "11"]
[EventCountry "USA"]
[SourceTitle "CB15_2024"]
[SourceDate "2024.04.10"]
[SourceVersion "1"]
[SourceVersionDate "2024.04.10"]
[SourceQuality "1"]

1. e4 c6 2. d4 d5 3. Nc3 dxe4 4. Nxe4 Nf6 5. Nxf6+ exf6 6. c3 Bd6 7. Bd3 Be6 8. Ne2 0-0 9. 0-0 Re8 10. Ng3 Nd7 11. Qf3 Nf8 12. Nf5 Bc7 13. h4 Bxf5 14. Qxf5 Qd6 15. g3 g6 16. Qf3 Ne6 17. Bd2 f5 18. Rfe1 Rad8 19. Bc4 Ng7 20. Bg5 Rc8 21. Bb3 Ne6 22. Bd2 Ng7 23. a4 a5 24. Qd3 Bb6 25. Bf4 Qd7 26. Rad1 Nh5 27. Be5 Bc7 28. Qc4 Rcd8 29. Bxc7 Qxc7 30. Rxe8+ Rxe8 31. d5 Re4 32. d6 Qd7 33. Qxf7+ Qxf7 34. Bxf7+ Kxf7 35. d7 1-0

[Event "Titled Tuesday intern op 02nd Apr Late"]
[Site "Chess.com INT"]
[Date "2024.04.02"]
[Round "2"]
[White "Skaric, Djuro"]
[Black "Gavrilin, Roman"]
[Result "1-0"]
[WhiteElo "2297"]
[BlackElo "2185"]
[PlyCount "69"]
[EventDate "2024.04.02"]
[EventType "swiss (blitz)"]
[EventRounds "11"]
[EventCountry "USA"]
[SourceTitle "CB15_2024"]
[SourceDate "2024.04.10"]
[SourceVersion "1"]
[SourceVersionDate "2024.04.10"]
[SourceQuality "1"]

1. e4 c5 2. a3 d5 3. exd5 Nf6 4. c4 e6 5. dxe6 Bxe6 6. Nf3 Nc6 7. Be2 Bd6 8. 0-0 0-0 9. Nc3 h6 10. d3 a6 11. Be3 Ng4 12. h3 Nxe3 13. fxe3 Re8 14. d4 cxd4 15. exd4 Bf5 16. d5 Bc5+ 17. Kh1 Ne5 18. Nxe5 Rxe5 19. Bd3 Bd7 20. Qf3 Qe7 21. Ne4 Bd4 22. c5 Re8 23. Rad1 f5 24. Nd6 Rf8 25. Bxf5 Bxf5 26. Rxd4 Bd7 27. Qxf8+ Qxf8 28. Rxf8+ Kxf8 29. Nxb7 Re1+ 30. Kh2 Re2 31. c6 Bf5 32. d6 Be4 33. Rxe4 Rxe4 34. c7 Rc4 35. d7 1-0

[Event "Wch U20 60th"]
[Site "Mexico City"]
[Date "2023.10.01"]
[Round "11"]
[White "Fischer, Daniel1111"]
[Black "Gavrilin, Roman"]
[Result "0-1"]
[WhiteElo "2346"]
[BlackElo "2156"]
[PlyCount "146"]
[EventDate "2023.09.21"]
[EventType "swiss"]
[EventRounds "11"]
[EventCountry "MEX"]
[SourceTitle "EXT 2024"]
[Source "ChessBase"]
[SourceDate "2023.10.10"]
[SourceVersion "1"]
[SourceVersionDate "2023.10.10"]
[SourceQuality "1"]

1. e4 c5 2. Nf3 d6 3. Bb5+ Bd7 4. Bxd7+ Qxd7 5. c4 Nf6 6. Nc3 g6 7. d4 cxd4 8. Nxd4 Bg7 9. f3 Qc7 10. b3 Qa5 11. Bd2 0-0 12. Nde2 Nc6 13. 0-0 Nd7 14. Rb1 Nd4 15. Nd5 Qd8 16. Bg5 Nxe2+ 17. Qxe2 Re8 18. Rfd1 h6 19. Bh4 g5 20. Bf2 e6 21. Ne3 Qe7 22. Qd2 Bf8 23. Bg3 Ne5 24. Qb2 Qc7 25. Rbc1 Bg7 26. Qd2 Rad8 27. Bf2 b6 28. Qe2 Qb7 29. Rc2 Rd7 30. Rcd2 Red8 31. a4 Ng6 32. Qf1 Ne5 33. Bg3 a6 34. h3 Qc6 35. Kh2 Rb8 36. Nc2 Rbd8 37. Kh1 Qb7 38. Qe2 Qc6 39. Nb4 Qb7 40. Nc2 Qc6 41. Bf2 Qb7 42. Qe3 b5 43. cxb5 axb5 44. a5 Qa6 45. Qb6 Ra8 46. Qxa6 Rxa6 47. b4 Nc6 48. Bg3 Ne5 49. Bf2 Nc6 50. Rd3 Ne5 51. Rb3 Nc4 52. Bd4 Bf8 53. Ba1 Rb7 54. Kg1 Rc7 55. Nd4 Rb7 56. Kf2 Be7 57. Ke2 Kf8 58. Rc1 Ke8 59. Bc3 Kd7 60. Be1 Bf6 61. Nc2 Rc7 62. Bc3 Nxa5 63. bxa5 Bxc3 64. Na3 Bxa5 65. Rxc7+ Bxc7 66. Nxb5 Bb6 67. Rd3 Bc5 68. Nc3 Ke7 69. Nd1 Kf6 70. Nb2 Ra1 71. Rd1 Ra2 72. Rd2 Bb4 73. Rc2 Ba3 0-1

[Event "Wch U20 60th"]
[Site "Mexico City"]
[Date "2023.09.30"]
[Round "10"]
[White "Gavrilin, Roman"]
[Black "Fecker, Noah"]
[Result "1/2-1/2"]
[WhiteElo "2156"]
[BlackElo "2396"]
[PlyCount "66"]
[EventDate "2023.09.21"]
[EventType "swiss"]
[EventRounds "11"]
[EventCountry "MEX"]
[SourceTitle "EXT 2024"]
[Source "ChessBase"]
[SourceDate "2023.10.10"]
[SourceVersion "1"]
[SourceVersionDate "2023.10.10"]
[SourceQuality "1"]

1. e4 c6 2. Nc3 d5 3. Nf3 dxe4 4. Nxe4 Nf6 5. Qe2 Na6 6. d4 Nxe4 7. Qxe4 Qd5 8. Qxd5 cxd5 9. Ne5 Nb8 10. Bb5+ Nd7 11. Bf4 f6 12. Nxd7 Bxd7 13. Bxd7+ Kxd7 14. h4 Rc8 15. 0-0-0 h5 16. Rd3 e6 17. Re1 Be7 18. Kd2 Rc4 19. g3 b5 20. a3 a5 21. c3 Ra8 22. Ra1 Ra6 23. Ke2 Rb6 24. Rdd1 Rb7 25. Kd3 Rc8 26. Re1 Rc4 27. Re2 Bf8 28. Rc2 g6 29. Re2 Bg7 30. Rg1 Ke7 31. g4 Kf7 32. gxh5 gxh5 33. f3 Bf8 1/2-1/2

[Event "Titled Tuesday intern op 12th Sep Early"]
[Site "Chess.com INT"]
[Date "2023.09.12"]
[Round "1"]
[White "Wieczorek, Zbigniew"]
[Black "Gavrilin, Roman"]
[Result "1-0"]
[WhiteElo "2107"]
[BlackElo "2156"]
[PlyCount "85"]
[EventDate "2023.09.12"]
[EventType "swiss (blitz)"]
[EventRounds "11"]
[EventCountry "USA"]
[SourceTitle "EXT 2024"]
[Source "ChessBase"]
[SourceDate "2023.10.10"]
[SourceVersion "1"]
[SourceVersionDate "2023.10.10"]
[SourceQuality "1"]

1. e4 c5 2. Nf3 d6 3. Bb5+ Bd7 4. c4 a6 5. Bxd7+ Qxd7 6. d4 cxd4 7. Nxd4 Nf6 8. Nc3 Nc6 9. Be3 e6 10. f3 Be7 11. 0-0 0-0 12. Rc1 Rfd8 13. Qe2 Nxd4 14. Bxd4 Rac8 15. Rfd1 Qc6 16. b3 Nd7 17. Nd5 Bf8 18. Ne3 Nc5 19. Qb2 h5 20. b4 Nd7 21. Qb3 b5 22. Rc2 bxc4 23. Nxc4 Qb5 24. a4 Qb8 25. Na5 Rxc2 26. Qxc2 Qa8 27. Nc6 Rc8 28. b5 axb5 29. axb5 Qb7 30. Rc1 Ra8 31. Qb3 Nc5 32. Bxc5 dxc5 33. Qc4 Qb6 34. g3 Rc8 35. Kg2 Rc7 36. Rc2 Rd7 37. Ra2 g6 38. Ra8 Rd2+ 39. Kh3 Qb7 40. Rxf8+ Kxf8 41. Qc3 Rd4 42. Qxc5+ Kg8 43. Nxd4 1-0

[Event "Titled Tuesday intern op 29th Aug Early"]
[Site "Chess.com INT"]
[Date "2023.08.29"]
[Round "4"]
[White "Anton Guijarro, David"]
[Black "Gavrilin, Roman"]
[Result "1-0"]
[WhiteElo "2693"]
[BlackElo "2156"]
[PlyCount "73"]
[EventDate "2023.08.29"]
[EventType "swiss (blitz)"]
[EventRounds "11"]
[EventCountry "USA"]
[SourceTitle "EXT 2024"]
[Source "ChessBase"]
[SourceDate "2023.10.10"]
[SourceVersion "1"]
[SourceVersionDate "2023.10.10"]
[SourceQuality "1"]

1. Nf3 Nf6 2. b3 b6 3. Bb2 Bb7 4. g3 e6 5. Bg2 Be7 6. 0-0 0-0 7. c4 d6 8. d3 e5 9. e4 a5 10. Nc3 Nbd7 11. Qc2 Re8 12. d4 Bf8 13. Rad1 exd4 14. Nxd4 Nc5 15. Rfe1 Nfd7 16. Nd5 Ne6 17. Nxe6 fxe6 18. Nf4 Nc5 19. e5 Bxg2 20. Kxg2 Qg5 21. h4 Qe7 22. Bd4 Qf7 23. Qe2 Rad8 24. Qg4 Qf5 25. Qxf5 exf5 26. Bxc5 bxc5 27. Nd5 dxe5 28. Nxc7 Rxd1 29. Rxd1 Rc8 30. Rd7 e4 31. h5 Bd6 32. Nd5 Bf8 33. h6 Re8 34. hxg7 Bxg7 35. Ne7+ Kf7 36. Nxf5+ Ke6 37. Nxg7+ 1-0

[Event "Titled Tuesday intern op 29th Aug Early"]
[Site "Chess.com INT"]
[Date "2023.08.29"]
[Round "6"]
[White "Gavrilin, Roman"]
[Black "Vujacic, Igor"]
[Result "1-0"]
[WhiteElo "2156"]
[BlackElo "2083"]
[PlyCount "79"]
[EventDate "2023.08.29"]
[EventType "swiss (blitz)"]
[EventRounds "11"]
[EventCountry "USA"]
[SourceTitle "EXT 2024"]
[Source "ChessBase"]
[SourceDate "2023.10.10"]
[SourceVersion "1"]
[SourceVersionDate "2023.10.10"]
[SourceQuality "1"]

1. e4 c5 2. Nf3 g6 3. c3 Nf6 4. e5 Nd5 5. Bc4 Nb6 6. Bb3 c4 7. Bc2 d6 8. exd6 Qxd6 9. 0-0 Bg7 10. h3 Bf5 11. Bxf5 gxf5 12. Qc2 e6 13. Re1 Qd5 14. a4 Nc6 15. Na3 0-0-0 16. Nb5 a6 17. Nbd4 Nxd4 18. cxd4 Bxd4 19. Nxd4 Rhg8 20. f3 Qxd4+ 21. Kh1 Qf2 22. Rg1 Rd3 23. Ra3 Rxa3 24. bxa3 Qd4 25. Bb2 Qd5 26. Re1 Nd7 27. Bc3 Kb8 28. Qb2 Ka8 29. Bd4 Rc8 30. Be3 Nc5 31. Qg7 Qd7 32. Rb1 Nxa4 33. Qxh7 b5 34. Qg7 Nc5 35. Qe5 Nd3 36. Qf6 f4 37. Bg1 Qd5 38. a4 b4 39. Qxf7 Qb7 40. Qxe6 1-0

[Event "Titled Tuesday intern op 29th Aug Early"]
[Site "Chess.com INT"]
[Date "2023.08.29"]
[Round "2"]
[White "Kuchava, Ana"]
[Black "Gavrilin, Roman"]
[Result "0-1"]
[WhiteElo "2101"]
[BlackElo "2156"]
[PlyCount "74"]
[EventDate "2023.08.29"]
[EventType "swiss (blitz)"]
[EventRounds "11"]
[EventCountry "USA"]
[SourceTitle "EXT 2024"]
[Source "ChessBase"]
[SourceDate "2023.10.10"]
[SourceVersion "1"]
[SourceVersionDate "2023.10.10"]
[SourceQuality "1"]

1. d4 Nf6 2. Nf3 e6 3. c3 d5 4. Bf4 c5 5. e3 Nc6 6. h3 Bd6 7. Bxd6 Qxd6 8. Bd3 e5 9. dxe5 Nxe5 10. Nxe5 Qxe5 11. Nd2 0-0 12. Nf3 Qe7 13. 0-0 Be6 14. Qe2 Rfe8 15. Rfe1 Rad8 16. Rad1 h6 17. c4 dxc4 18. Bxc4 Bxc4 19. Qxc4 b6 20. Qa6 Ne4 21. a4 Rd7 22. a5 Rb8 23. Qb5 Nd6 24. Ne5 Nxb5 25. Nxd7 Rd8 26. Nxb6 axb6 27. axb6 Rxd1 28. Rxd1 Nd6 29. Rd5 Ne4 30. f3 Nf6 31. Rd3 Qb7 32. Rd6 Kh7 33. e4 Ne8 34. Rd8 Qxb6 35. Rxe8 Qxb2 36. Rc8 Qd4+ 37. Kh2 c4 0-1

[Event "Titled Tuesday intern op 22nd Aug Late"]
[Site "Chess.com INT"]
[Date "2023.08.22"]
[Round "2"]
[White "Gavrilin, Roman"]
[Black "Gao, Raymond"]
[Result "1-0"]
[WhiteElo "2156"]
[BlackElo "1938"]
[PlyCount "101"]
[EventDate "2023.08.22"]
[EventType "swiss (blitz)"]
[EventRounds "11"]
[EventCountry "USA"]
[SourceTitle "EXT 2024"]
[Source "ChessBase"]
[SourceDate "2023.10.10"]
[SourceVersion "1"]
[SourceVersionDate "2023.10.10"]
[SourceQuality "1"]

1. e4 c5 2. Nf3 Nc6 3. Bb5 e5 4. 0-0 Bd6 5. c3 Nge7 6. Re1 a6 7. Ba4 b5 8. Bc2 Bc7 9. a4 Bb7 10. d4 cxd4 11. cxd4 exd4 12. e5 Nb4 13. Bb3 0-0 14. Nxd4 Nec6 15. axb5 axb5 16. Rxa8 Qxa8 17. Nxb5 Bxe5 18. N1c3 Na5 19. Rxe5 Nxb3 20. Qxb3 Nd3 21. Re3 Nxc1 22. Qc2 Na2 23. Nxa2 Qxa2 24. Qd2 Bc6 25. Nc3 Qa1+ 26. Re1 Qa8 27. f3 Re8 28. Rxe8+ Qxe8 29. Kf2 Qe5 30. Qe3 Qxe3+ 31. Kxe3 Kf8 32. Kd4 Ke7 33. Kc5 Ke6 34. b4 Ba8 35. b5 d6+ 36. Kb6 d5 37. Kc5 Ke5 38. Ne2 g5 39. Nd4 f5 40. b6 g4 41. fxg4 fxg4 42. g3 h5 43. Nb5 Ke4 44. Nc3+ Ke5 45. Nb5 Ke4 46. Nd4 Ke5 47. Nc6+ Bxc6 48. Kxc6 d4 49. b7 d3 50. b8Q+ Ke4 51. Qf4# 1-0

[Event "Titled Tuesday intern op 22nd Aug Late"]
[Site "Chess.com INT"]
[Date "2023.08.22"]
[Round "5"]
[White "Nguyen, Ngoc Truong Son"]
[Black "Gavrilin, Roman"]
[Result "1-0"]
[WhiteElo "2641"]
[BlackElo "2156"]
[PlyCount "113"]
[EventDate "2023.08.22"]
[EventType "swiss (blitz)"]
[EventRounds "11"]
[EventCountry "USA"]
[SourceTitle "EXT 2024"]
[Source "ChessBase"]
[SourceDate "2023.10.10"]
[SourceVersion "1"]
[SourceVersionDate "2023.10.10"]
[SourceQuality "1"]

1. d4 Nf6 2. c4 e6 3. Nc3 Bb4 4. e3 0-0 5. Bd3 d5 6. Nge2 c5 7. 0-0 cxd4 8. exd4 dxc4 9. Bxc4 b6 10. Bg5 Bb7 11. Qd3 Nbd7 12. Rad1 h6 13. Bh4 Rc8 14. Bb3 Be7 15. Nf4 Nd5 16. Bxe7 Nxe7 17. Bxe6 fxe6 18. Nxe6 Qe8 19. Nxf8 Nxf8 20. d5 Rd8 21. Rfe1 Qf7 22. d6 Nf5 23. Nd5 Rxd6 24. Qxf5 Rxd5 25. Qxf7+ Kxf7 26. f3 Ne6 27. h4 Kf6 28. Kf2 g5 29. hxg5+ hxg5 30. Rxd5 Bxd5 31. b3 Nc5 32. Ke3 Ke5 33. Rh1 Ne6 34. Rh7 a6 35. Rh6 b5 36. g3 a5 37. Rh7 a4 38. bxa4 bxa4 39. a3 Bb3 40. Ra7 Kd5 41. Ra5+ Nc5 42. Ra7 Kc4 43. Rc7 Kd5 44. Rg7 Ne6 45. Rg6 Ke5 46. Rh6 Kf5 47. Rh8 Ke5 48. Ra8 Kf5 49. Ra5+ Kf6 50. Ke4 Bc2+ 51. Kd5 Bb3+ 52. Ke4 Bc2+ 53. Ke3 Bb3 54. Kd3 Ng7 55. Ke4 Ne6 56. Rf5+ Ke7 57. Ke5 1-0

[Event "Titled Tuesday intern op 22nd Aug Late"]
[Site "Chess.com INT"]
[Date "2023.08.22"]
[Round "3"]
[White "Tanenbaum, Zachary Chen"]
[Black "Gavrilin, Roman"]
[Result "0-1"]
[WhiteElo "2279"]
[BlackElo "2156"]
[PlyCount "62"]
[EventDate "2023.08.22"]
[EventType "swiss (blitz)"]
[EventRounds "11"]
[EventCountry "USA"]
[SourceTitle "EXT 2024"]
[Source "ChessBase"]
[SourceDate "2023.10.10"]
[SourceVersion "1"]
[SourceVersionDate "2023.10.10"]
[SourceQuality "1"]

1. e4 c5 2. Nf3 d6 3. d4 cxd4 4. Nxd4 Nf6 5. Nc3 a6 6. Be3 e5 7. Nb3 Be6 8. f4 Nbd7 9. f5 Bxb3 10. axb3 Rc8 11. Bc4 Be7 12. Nd5 0-0 13. Qd3 b5 14. Nxe7+ Qxe7 15. Bd5 Nxd5 16. Qxd5 Nf6 17. 0-0 Nxd5 18. exd5 Rxc2 19. f6 Qb7 20. fxg7 Rfc8 21. Rad1 Rxb2 22. Rf6 Rcc2 23. Bf2 Rxf2 24. Rxf2 Qb6 25. Rdf1 Kxg7 26. g3 f5 27. b4 e4 28. h3 Rxf2 29. Rxf2 Qe3 30. g4 f4 31. g5 f3 0-1

[Event "Titled Tuesday intern op 22nd Aug Early"]
[Site "Chess.com INT"]
[Date "2023.08.22"]
[Round "1"]
[White "Zampronha, Wladimir Camilo"]
[Black "Gavrilin, Roman"]
[Result "0-1"]
[WhiteElo "2170"]
[BlackElo "2156"]
[PlyCount "62"]
[EventDate "2023.08.22"]
[EventType "swiss (blitz)"]
[EventRounds "11"]
[EventCountry "USA"]
[SourceTitle "EXT 2024"]
[Source "ChessBase"]
[SourceDate "2023.10.10"]
[SourceVersion "1"]
[SourceVersionDate "2023.10.10"]
[SourceQuality "1"]

1. e4 c5 2. Nf3 d6 3. d4 cxd4 4. Nxd4 Nf6 5. Nc3 a6 6. Bg5 e6 7. f4 Be7 8. Qf3 Qc7 9. 0-0-0 Nbd7 10. g4 b5 11. Bxf6 Bxf6 12. g5 Be7 13. f5 Bxg5+ 14. Kb1 Ne5 15. Qh5 h6 16. Nxe6 Bxe6 17. fxe6 g6 18. Nd5 Qc5 19. exf7+ Kxf7 20. Qe2 Kg7 21. h4 Bd8 22. h5 g5 23. Bh3 Rf8 24. Rhf1 Qc4 25. Qg2 Qc5 26. Rxf8 Kxf8 27. Qf1+ Kg7 28. Qf5 Ra7 29. Rf1 Rf7 30. Qe6 Rxf1+ 31. Bxf1 Qf2 0-1

[Event "Titled Tuesday intern op 01st Aug Late"]
[Site "Chess.com INT"]
[Date "2023.08.01"]
[Round "4"]
[White "Argandona Riveiro, Inigo"]
[Black "Gavrilin, Roman"]
[Result "0-1"]
[WhiteElo "2344"]
[BlackElo "2156"]
[PlyCount "68"]
[EventDate "2023.08.01"]
[EventType "swiss (blitz)"]
[EventRounds "11"]
[EventCountry "USA"]
[SourceTitle "EXT 2024"]
[Source "ChessBase"]
[SourceDate "2023.10.10"]
[SourceVersion "1"]
[SourceVersionDate "2023.10.10"]
[SourceQuality "1"]

1. Nf3 Nf6 2. c4 e6 3. g3 b6 4. Bg2 Bb7 5. 0-0 Be7 6. Nc3 0-0 7. Re1 d5 8. cxd5 Nxd5 9. d4 Nd7 10. e4 Nxc3 11. bxc3 Nf6 12. Nd2 c5 13. e5 Nd5 14. Qb3 Qd7 15. c4 Nb4 16. Bxb7 Qxb7 17. a3 Nc6 18. dxc5 Bxc5 19. Qf3 Qc7 20. Bb2 Rfd8 21. Nb3 Rac8 22. h4 Nd4 23. Bxd4 Bxd4 24. Rad1 Bxe5 25. Rxd8+ Rxd8 26. Qe3 Bf6 27. c5 bxc5 28. Qxc5 Qxc5 29. Nxc5 Be7 30. Ne4 h6 31. Kg2 Rd4 32. Nc3 Rc4 33. Nb5 a6 34. Na7 Rc7 0-1